La Ecología / Ramon Margalef ; [traducción: Joandomènec Ros] Joandomènec Ros]
ISBN:
84-7794-062-2
Descripción Física:
124 p. : il., col. ; 22 x 22 cm
Otros Autores:
Ros, Joandomènec 1946-
Materias:
Ecologia
MARC
| LEADER | 00000nam a2200000Ia 4500 | ||
|---|---|---|---|
| 001 | 11049 | ||
| 008 | 160829s9999 xx 000 0 cat d | ||
| 020 | |a 84-7794-062-2 | ||
| 080 | |a C-1-318 | ||
| 100 | 1 | |a Margalef, Ramon, |d 1919-2004 |e autor |9 97 | |
| 245 | |a La Ecología / Ramon Margalef ; [traducción: |b Joandomènec Ros] | ||
| 260 | |a Barcelona : |b Diputació de Barcelona. Servei del Medi Ambient, DL 1989 | ||
| 300 | |a 124 p. : |b il., col. ; |c 22 x 22 cm | ||
| 590 | |a Obra realitzada amb els materials recollits per a l'exposició sobre el mateix tema. | ||
| 590 | |a Glossari. | ||
| 590 | |a Bibliografia. | ||
| 590 | |a Un altre exemplar en llengua catalana: C-1-317 | ||
| 650 | |a Ecologia |9 37601 | ||
| 700 | 1 | |a Ros, Joandomènec |d 1946- |e traductor |9 50285 | |
| 710 | 1 | |a Barcelona (Catalunya : Província). |b Servei de Medi Ambient |9 53475 | |
| 901 | |a Arxiu | ||
| 942 | |n 1 |2 udc | ||
| 952 | |0 0 |1 0 |4 0 |6 C1318 |7 1 |9 45069 |a Arxiu |b Arxiu |d 2016-12-01 |l 0 |o C-1-318 |p 11049 |r 2016-12-01 00:00:00 |w 2016-12-01 |y ARXIU | ||
| 999 | |c 47689 |d 47689 | ||